Was war früher (Geschichtsquiz) - Statistiken

Allgemein
  • Dieses Quiz wurde 63 mal gespielt
  • Das Durchschnittsergebnis liegt bei 8 aus 10
Antwortstatistiken
Frage Antwort % Korrekt
Was war früher? Mauerfall
97%
Was war früher? Jugoslawien zerfällt
90%
Was war früher? Tod von Jesus
88%
Was war früher? Geburt von Adolf Hitler
87%
Was war früher? Google wird veröffentlicht
87%
Was war früher? Gründung der NATO
85%
Was war früher? Komet der die Dinosaurier auslöscht trifft die Erde
80%
Was war früher? Machtergreifung Mussolinis
77%
Was war früher? Pest-Pandemie
70%
Was war früher? Fertigstellung der Cheopspyramide
43%
Keine übereinstimmenden Quizze gefunden
Verteilung der Resultate
Anzahl Personen mit jedem Resultat
Perzentil nach korrekt beantworteten Fragen
Ihre Resultats-Entwicklung
Sie haben dieses Quiz noch nicht gespielt